[Event "Wales Fishguard op"]
[Site "Wales"]
[Date "2004.??.??"]
[Round "3"]
[White "Williams, Leighton"]
[Black "Ponter, Ian"]
[Result "1-0"]
[WhiteElo "2370"]
[BlackElo "1920"]
[PlyCount "43"]
[EventDate "2004.??.??"]
[EventType "swiss"]
[EventRounds "5"]
[EventCountry "WLS"]
[SourceTitle "EXT 2007"]
[Source "ChessBase"]
[SourceDate "2006.11.23"]
[SourceVersion "1"]
[SourceVersionDate "2006.11.23"]
[SourceQuality "1"]

1. e4 e5 2. Nf3 Nc6 3. Bc4 Nf6 4. d3 Be7 5. 0-0 0-0 6. c3 d5 7. exd5 Nxd5 8. Re1 Bg4 9. h3 Bh5 10. g4 Bg6 11. Nxe5 Nxe5 12. Rxe5 Nb6 13. Nd2 Bd6 14. Re1 Qh4 15. Kg2 Nxc4 16. Nf3 Qd8 17. dxc4 f5 18. Bg5 Qc8 19. Nh4 fxg4 20. hxg4 c6 21. Nxg6 hxg6 22. Qxd6 1-0

[Event "Wales Fishguard op"]
[Site "Wales"]
[Date "2004.??.??"]
[Round "1"]
[White "Williams, Leighton"]
[Black "Richmond, Jane"]
[Result "1/2-1/2"]
[WhiteElo "2370"]
[BlackElo "2005"]
[PlyCount "90"]
[EventDate "2004.??.??"]
[EventType "swiss"]
[EventRounds "5"]
[EventCountry "WLS"]
[SourceTitle "EXT 2007"]
[Source "ChessBase"]
[SourceDate "2006.11.23"]
[SourceVersion "1"]
[SourceVersionDate "2006.11.23"]
[SourceQuality "1"]

1. e4 e5 2. Nf3 Nc6 3. Nc3 Nf6 4. d4 exd4 5. Nd5 d6 6. Bc4 Be7 7. Nxd4 0-0 8. 0-0 a6 9. Re1 Ne5 10. Bf1 c5 11. Nf5 Nxd5 12. Qxd5 Re8 13. Bf4 Bf8 14. Rad1 Qf6 15. Bg3 Bxf5 16. exf5 Rab8 17. Qe4 Re7 18. Bh4 Nf3+ 19. Qxf3 Qxh4 20. g3 Qf6 21. c3 Rbe8 22. Rxe7 Rxe7 23. Bd3 Qe5 24. a4 d5 25. Bf1 d4 26. cxd4 cxd4 27. Qd3 Rd7 28. f4 Qa5 29. b3 Bb4 30. Bg2 Re7 31. Kh1 Bc5 32. h4 Re1+ 33. Rxe1 Qxe1+ 34. Kh2 Qf2 35. Kh3 Qe3 36. Qxe3 dxe3 37. Bf1 Kf8 38. Kg4 Ke7 39. Kf3 Kd6 40. Ke4 f6 41. g4 a5 42. g5 Ke7 43. Kd5 b6 44. Bc4 Bb4 45. h5 h6 1/2-1/2

[Event "BCF-chT3 0304 (4NCL)"]
[Site "West Bromwich"]
[Date "2003.11.23"]
[Round "2.1"]
[White "Hebden, Mark"]
[Black "Williams, Leighton"]
[Result "1-0"]
[WhiteElo "2560"]
[BlackElo "2362"]
[PlyCount "89"]
[EventDate "2003.11.23"]
[EventType "team"]
[EventRounds "11"]
[EventCountry "ENG"]
[SourceTitle "EXT 2005"]
[Source "ChessBase"]
[SourceDate "2004.11.15"]
[SourceVersion "1"]
[SourceVersionDate "2004.11.15"]
[SourceQuality "1"]
[WhiteTeam "Hilsmark Kingfisher"]
[BlackTeam "Nidum Liberals"]
[WhiteTeamCountry "ENG"]
[BlackTeamCountry "ENG"]

1. d4 Nf6 2. Nf3 g6 3. Nc3 d5 4. Bf4 Bg7 5. e3 c6 6. h3 Qb6 7. Rb1 a5 8. Bd3 0-0 9. 0-0 Nbd7 10. Bh2 Ne8 11. a3 Ndf6 12. b3 Nd6 13. Na4 Qd8 14. c4 Bf5 15. c5 Nde4 16. Ne1 Bh6 17. Qe2 Nd7 18. g4 Be6 19. f3 b5 20. cxb6 Nd6 21. f4 Nxb6 22. Nc5 a4 23. Nxe6 fxe6 24. b4 Nbc4 25. Ra1 g5 26. Nf3 gxf4 27. exf4 Bxf4 28. Qxe6+ Kg7 29. Bxf4 Rxf4 30. Ng5 Rf6 31. Qxf6+ exf6 32. Ne6+ Kf7 33. Nxd8+ Rxd8 34. g5 f5 35. Bxf5 Ne3 36. Bxh7+ Nxf1 37. Rxf1+ Kg7 38. Bd3 Nc4 39. Rf6 Nxa3 40. Rxc6 Rb8 41. h4 Rh8 42. Rc7+ Kg8 43. Bf5 Nb5 44. Be6+ Kf8 45. Rf7+ 1-0

[Event "Dyfed op"]
[Site "Fishguard"]
[Date "2003.02.22"]
[Round "2"]
[White "May, Frank"]
[Black "Williams, Leighton"]
[Result "1/2-1/2"]
[WhiteElo "2161"]
[BlackElo "2349"]
[PlyCount "102"]
[EventDate "2003.02.??"]
[EventType "swiss"]
[EventRounds "5"]
[EventCountry "WLS"]
[SourceTitle "EXT 2005"]
[Source "ChessBase"]
[SourceDate "2004.11.15"]
[SourceVersion "1"]
[SourceVersionDate "2004.11.15"]
[SourceQuality "1"]

1. Nf3 e6 2. g3 b6 3. Bg2 Bb7 4. 0-0 f5 5. c4 Nf6 6. Nc3 Be7 7. d4 0-0 8. d5 Qe8 9. Bf4 Na6 10. dxe6 dxe6 11. Ne5 Bxg2 12. Kxg2 Nh5 13. Qa4 Qxa4 14. Nxa4 g5 15. Nc6 Nxf4+ 16. gxf4 Bf6 17. fxg5 Bxg5 18. Rad1 Nb8 19. Nd4 Re8 20. e3 f4 21. e4 Bf6 22. Rfe1 Be5 23. Nf3 Bg7 24. e5 Nc6 25. Rd7 Re7 26. Rxe7 Nxe7 27. Ng5 Nc6 28. Nxe6 Bxe5 29. Ng5 Rd8 30. Nf3 Bg7 31. Re4 Rf8 32. Nc3 Bxc3 33. bxc3 Rf5 34. Nd4 Nxd4 35. cxd4 Ra5 36. Rxf4 Rxa2 37. Kf3 a5 38. Ke4 Rc2 39. Kd5 a4 40. Rf3 c6+ 41. Kxc6 Rxc4+ 42. Kxb6 Rxd4 43. Kb5 Kg7 44. Ra3 Rh4 45. Rxa4 Rxh2 46. Rf4 Kg6 47. Kc4 Kg5 48. Rf7 Rh3 49. Kd4 h5 50. Ke4 Ra3 51. Rg7+ Kf6 1/2-1/2

[Event "South Wales Autumn op"]
[Site "Wales"]
[Date "2003.??.??"]
[Round "3"]
[White "Williams, Leighton"]
[Black "Sully, David John"]
[Result "1/2-1/2"]
[WhiteElo "2370"]
[BlackElo "2115"]
[PlyCount "103"]
[EventDate "2003.??.??"]
[EventType "swiss"]
[EventRounds "5"]
[EventCountry "WLS"]
[SourceTitle "EXT 2007"]
[Source "ChessBase"]
[SourceDate "2006.11.23"]
[SourceVersion "1"]
[SourceVersionDate "2006.11.23"]
[SourceQuality "1"]

1. e4 e5 2. Bc4 Nf6 3. d3 Nc6 4. Nf3 Be7 5. 0-0 0-0 6. Re1 d6 7. c3 Na5 8. Bb5 a6 9. Ba4 b5 10. Bc2 c5 11. Nbd2 Nc6 12. Nf1 Re8 13. a4 b4 14. Ng3 Bf8 15. Bb3 h6 16. Nh4 Be6 17. Ngf5 Kh7 18. Bxe6 fxe6 19. Ng3 Be7 20. Nf3 bxc3 21. bxc3 Rb8 22. d4 cxd4 23. cxd4 Nxd4 24. Nxd4 exd4 25. Qxd4 Qb6 26. Qd3 Kg8 27. Be3 Qb3 28. Qxa6 Ng4 29. Bd4 e5 30. Ba7 Rb7 31. Qc6 Rf8 32. Be3 Qb2 33. Qc4+ Kh8 34. Ra2 Qb3 35. Qxb3 Rxb3 36. Nf5 Nxe3 37. Nxe7 Rf7 38. Ng6+ Kh7 39. Nh4 Nc4 40. a5 Ra7 41. Nf5 Ra6 42. g3 g6 43. Rc1 gxf5 44. Rxc4 fxe4 45. Rxe4 Rb5 46. Rea4 d5 47. f4 exf4 48. gxf4 Kg6 49. Kf2 Kf5 50. h3 d4 51. R2a3 Rd5 52. Rd3 1/2-1/2